| 000 | 00820nam a2200217 a 4500 | ||
|---|---|---|---|
| 001 | 000048158 | ||
| 005 | 20201002060946.0 | ||
| 008 | 181204s2012 dr a 000 0 spa d | ||
| 020 | _a9789945116564 | ||
| 040 |
_aDO-SdBNP _bspa _cBNPHU |
||
| 082 |
_axxxx _bC352c, 3ro |
||
| 100 | 1 |
_aCastillo, Abel, _975622 |
|
| 245 | 1 | 0 |
_aCívica 3 : _beducación básica / _cAbel Castillo, Fanny Capellán Almonte; editora Margarita Castro Catrain; ilustración Ruddy Núñez. |
| 260 |
_aSanto Domingo : _bSantillana, _c2012. |
||
| 300 |
_a2v. : _bil., ; _c28cm. |
||
| 505 | 0 |
_gv.1. _tLibro texto-- _gv.2. _tEdición anotada, para el profesor y la profesora |
|
| 590 | _aInventariado, 2018/MFF | ||
| 700 | 1 |
_aCapellán Almonte, Fanny _929766 |
|
| 700 | 1 |
_aCastro Castrain, Margarita, _eed. _975608 |
|
| 700 | 1 |
_aNúñez, Ruddy, _eil. _923171 |
|
| 999 |
_c47646 _d47646 |
||